| 000 | 00734nam a2200253Ia 4500 | ||
|---|---|---|---|
| 005 | 20250425161804.0 | ||
| 008 | 250425s9999 xx 000 0 und d | ||
| 020 | _a8470032593 | ||
| 041 | _aspa | ||
| 082 | _a631 | ||
| 100 | _aMEIER, HELMUT M. E. | ||
| 245 | 0 | _aTECNOLOGÍA AGROPECUARIA Y FORESTAL-2 : OBRAS E INSTALACIONES AGROPECUARIAS TECNOLOGÍA DE LA PRODUCCIÓN ANIMAL TECNOLOGÍA FORESTAL | |
| 250 | _a1A ED. | ||
| 260 | _aBARCELONA | ||
| 260 |
_aEspaña _bAEDOS _c1985 |
||
| 300 | _a391 | ||
| 500 | _aENCICLOPEDIA SISTEMÁTICA AGROPECUARIA | ||
| 650 | _aCARNE-PRODUCCION | ||
| 650 | _aEXPLOTACION AGRICOLA | ||
| 650 | _aPRODUCCION ANIMAL | ||
| 650 | _aTECNOLOGIA AGRICOLA | ||
| 942 | _c01 | ||
| 010 | _a29138 | ||
| 999 |
_c216131 _d216131 |
||